Office market (Record no. 7406)

MARC details
000 -LEADER
fixed length control field 01461cab a2200193 4500
001 - CONTROL NUMBER
control field ABS38632
008 - FIXED-LENGTH DATA ELEMENTS--GENERAL INFORMATION
fixed length control field 090401t1987 xxu||||| |||| 00| 0 eng d
035 ## - SYSTEM CONTROL NUMBER
System control number (Sirsi) u11609
041 ## - LANGUAGE CODE
Language code of text/sound track or separate title eng
245 ## - TITLE STATEMENT
Title Office market
260 ## - PUBLICATION, DISTRIBUTION, ETC.
Date of publication, distribution, etc. 1987
350 ## - PRICE (NR) (BK AM CF MU VM SE) [OBSOLETE]
Price 0
490 ## - SERIES STATEMENT
Series statement Estates Times
Volume/sequential designation Supplement, Autumn 1987, 75 pages (LOAN)
520 ## - SUMMARY, ETC.
Summary, etc. Articles include:- 1. Stock market sees red: can property survive. H. Jones gives an overview of the economy and its effect on commercial property after the stock market crash . p5-6(2). 2. Record growth follows economic recovery. J. Hetherington gives an analysis of rental growth. p9-15(3). 3. Future demand depends on service sector growth. F. Dijkstra looks at supply and demand. p16-19(2). 4. Yields hit the big time once more. A. McIntosh p21-24(2). 5. Long and short of it: new forms of finance. P. King looks at funding . p27-29(3). 6. Reform could revolutionise office space costs. P. Evans analyses the possible effects of rating reform . p31-34(3). 7. Councils fight to suppress mixed use development. P. Sherman looks at the effect of the Use Classes Order . p37-41(3) 8. South East overheating gives hope to North . M. Lodge looks at planning policy and its effects on the North-South divide . p43-46(3). 9. Making their presence felt in the city. A. Seidl analyses the Japan ese influ
650 ## - SUBJECT ADDED ENTRY--TOPICAL TERM
Topical term or geographic name entry element TENANTS REQUIREMENTS
690 ## - LOCAL SUBJECT ADDED ENTRY--TOPICAL TERM (OCLC, RLIN)
Topical term or geographic name as entry element PROPERTY-COMMERCIAL PROPERTY
942 ## - ADDED ENTRY ELEMENTS (KOHA)
Suppress in OPAC 0
948 ## - LOCAL PROCESSING INFORMATION (OCLC); SERIES PART DESIGNATOR (RLIN)
c (OCLC) 04/03/1997
Holdings
Withdrawn status Lost status Source of classification or shelving scheme Damaged status Not for loan Home library Current library Shelving location Date acquired Total Checkouts Full call number Barcode Date last seen Copy number Price effective from Koha item type
    Dewey Decimal Classification     London London Journal article 15/01/1992   ABS38632 30032229 06/08/2019 1 06/08/2019 Journal article
    Dewey Decimal Classification     London London Journal article 15/01/1992   ABS38632 30032233 06/08/2019 2 06/08/2019 Journal article